I must be living twice : new and selected poems, 1975-2014 /

A collection of thrilling verse, including both new poems and beloved favorites, from the celebrated poet, modern cult icon, and author of Chelsea Girls. Eileen Myles' work is known for its blend of reality and fiction, the sublime and the ephemeral. Her work opens readers to astonishing new co...

முழு விளக்கம்

Saved in:
நூற்பட்டியல் விவரங்கள்
தலைமை எழுத்தாளர்: Myles, Eileen.
வடிவம்: புத்தகம்
மொழி:English
வெளியீடப்பட்டது: New York, NY : Ecco, an imprint of HarperCollinsPublishers, [2015]
பதிப்பு:First edition.
பகுதிகள்:
குறியீடுகள்: குறிச்சொல் இணை
குறியீடுகள் இல்லை, இந்த குறிச்சொல்லை முதலில் பதிவு செய்யுங்கள்!
LEADER 02179cam a2200361Ii 4500
001 014363256-6
005 20160506183351.0
008 150810s2015 nyu 000 0 eng d
020 |a 9780062389084 
020 |a 0062389084 
035 0 |a ocn919587919 
040 |a TOH  |b eng  |e rda  |c TOH  |d YDXCP  |d BTCTA  |d BDX  |d OCO  |d OCLCF  |d CIA 
050 4 |a PS3563.Y498  |b I2 2015 
082 0 4 |a 811.54  |2 23 
100 1 |a Myles, Eileen. 
245 1 0 |a I must be living twice :  |b new and selected poems, 1975-2014 /  |c Eileen Myles. 
250 |a First edition. 
264 1 |a New York, NY :  |b Ecco, an imprint of HarperCollinsPublishers,  |c [2015] 
300 |a xii, 356 pages ;  |c 24 cm 
336 |a text  |b txt  |2 rdacontent 
337 |a unmediated  |b n  |2 rdamedia 
338 |a volume  |b nc  |2 rdacarrier 
505 0 |a New poems -- The irony of the leash (1978) -- A fresh young voice from the plains (1981) -- Sappho's boat (1982) -- Not me (1991) -- Maxfield Parrish (1995) -- School of fish (1997) -- Skies (2001) -- On my way (2001) -- Sorry, tree (2007) -- Snowflake/different streets (2012) Epilogue. 
520 |a A collection of thrilling verse, including both new poems and beloved favorites, from the celebrated poet, modern cult icon, and author of Chelsea Girls. Eileen Myles' work is known for its blend of reality and fiction, the sublime and the ephemeral. Her work opens readers to astonishing new considerations of familiar places, like the East Village in her iconic Chelsea Girls, and invites them into lush--and sometimes horrid--dream worlds, imbuing the landscapes of her writing with the vividness and energy of fantasy. I Must Be Living Twice brings together selections from the poet's previous work with a set of bold new poems that reflect her sardonic, unapologetic, and fiercely intellectual literary voice. Steeped in the culture of New York City, Myles' milieu, I Must Be Living Twice is a prism refracting a radical world and a compelling life. 
655 7 |a Poetry.  |2 fast 
650 0 |a American poetry. 
650 7 |a American poetry.  |2 fast 
655 7 |a Poetry.  |2 lcgft 
899 |a 415_565007 
899 |a 415_565689 
988 |a 20150422 
049 |a HLSS 
906 |0 OCLC